| 000 | 00820nam a22002537a 4500 | ||
|---|---|---|---|
| 005 | 20170124105916.0 | ||
| 010 | _aB-167945 | ||
| 020 |
_c295.00 _a9788175345331 |
||
| 035 | _aB-167945 | ||
| 037 | _bCen Lib/Ret | ||
| 040 |
_aDPL _bEN |
||
| 082 |
_a025.4 _bKUM |
||
| 100 |
_aKumar, H. L. _97608 |
||
| 245 |
_aPractical guide to employees' provident funds : _cby H. L. Kumar [and] Gaurav Kumar _bact, rules and schemes |
||
| 250 | _a5th ed | ||
| 260 |
_aDelhi _bUniversal Law Publishing _c2006 |
||
| 270 |
_aC-FF-1A, Dilkhush Industrial Estate, G. T. Karnal Raod _bDelhi _e110033 |
||
| 300 |
_axxxvi, 347p. _c24cm(pbk) |
||
| 500 | _aIncludes index | ||
| 650 |
_aLabour-Economics _92771 |
||
| 650 |
_aEmployees rules-Act _92772 |
||
| 700 |
_aGaurav Kumar _92774 |
||
| 942 |
_2ddc _cEN _h342.068 _mKUM |
||
| 999 |
_c122864 _d122864 |
||